Slipknot Songs - Statistics

General Stats
  • This quiz has been taken 1,105 times
  • The average score is 33 of 68
Answer Stats
Answer % Correct
Duality
81%
Psychosocial
81%
Wait And Bleed
80%
The Devil In I
79%
People = S**t
77%
(Sic)
77%
Before I Forget
75%
Vermilion
75%
Iowa
74%
Spit It Out
73%
Eyeless
72%
Vermilion Pt. 2
68%
Snuff
67%
Sulfur
67%
All Hope Is Gone
66%
Disasterpiece
64%
Left Behind
63%
Dead Memories
62%
Surfacing
60%
The Heretic Anthem
60%
Killpop
59%
Custer
57%
Pulse Of The Maggots
54%
Scissors
52%
XIX
51%
My Plague
50%
The Blister Exists
48%
(515)
47%
The Negative One
47%
Liberate
45%
AOV
44%
Circle
44%
Everything Ends
43%
Gematria (The Killing Name)
43%
Sarcastrophe
42%
Tattered & Torn
41%
Vendetta
40%
Gently
39%
Gehenna
38%
New Abortion
38%
No Life
38%
Skeptic
38%
Skin Ticket
38%
Nomadic
37%
Opium Of The People
37%
Prosthetics
37%
Three Nil
37%
742617000027
36%
Butcher's Hook
36%
Diluted
36%
Metabolic
36%
Only One
36%
The Nameless
36%
Danger - Keep Away
35%
Goodbye
35%
I Am Hated
35%
Lech
35%
Welcome
35%
.execute.
34%
The Shape
34%
If Rain Is What You Want
33%
Me Inside
33%
Prelude 3.0
33%
The Virus Of Life
30%
This Cold Black
28%
The One That Kills The Least
27%
Be Prepared For Hell
25%
Wherein Lies Continue
24%
No matching quizzes found
Score Distribution
Percent of People with Each Score
Percentile by Number Answered
Your Score History
You have not taken this quiz